00890nam a2200193 a 4500001001000000005001700010008004100027041000800068044000600076050002200082100002200104245028500126260002700411300005800438500007000496500000800566651006100574651006100635BRCA_392020190320204457.0100110s1857----u--a######---#000-0#eng-# aeng au 4aE405.1b.F98 18571 aFurber, George C.10aThe twelve months volunteer ; or journal of a private, in the Tennessee regiment of cavalry, in the campaign in Mexico, 1846-7; including a complete history of the war with Mexico, embellished with correct engravings, from drawings by the authorcby George C. Furber of Company G. aCincinnatibs.e.c1857 a640 p.bil., 23 láminas, 1 mapa, planiferioc24 cm. aIncluye apéndice: p. 615-624 e índice de ilustraciones p. ix. aC70 4aMéxicovHistoriayGuerra con Estados Unidos, 1845-1848 4aEstados UnidosvHistoriayGuerra con México, 1845-1848